000
00301nam a2200121Ia 4500
005
20251222144751.0
008
251222s9999||||xx |||||||||||||| ||spa||
082
_a
254.1/D98
100
_a
Durand Florez, Ricardo
245
0
_a
Para que tengan vida más abundante
264
_b
Aci-Libros
942
_c
LIB
999
_c
19363
_d
19363